000 00555cam a22002172a 4500
001 024735
003 AR-FADEU
008 311216n2006####xxu####################dd
020 _a950-602-539-8
092 _a330.122
_bR788
_eBDT
100 _aRosanvallon, Pierre
245 _aEl capitalismo utópico : historia de la idea de mercado
260 _aBuenos Aires
260 _bNueva Visión
260 _c2006
300 _a239 p
440 _aClaves, problemas
500 _aIncluye bibliografía
650 _aCAPITALISMO/BDT/
942 _cBDT
999 _c30422
_d30422